Marketingový výzkum jak poznávat své zákazníky

Guardado en:
Detalles Bibliográficos
Autor principal: Foret, Miroslav
Otros Autores: Stávková, Jana
Formato: Libro
Lenguaje:checo
Publicado: Praha Grada Publishing 2003
Colección:Manažer
Materias:
Etiquetas: Agregar Etiqueta
Sin Etiquetas, Sea el primero en etiquetar este registro!

MARC

LEADER 00000nam$a2200000$$$4500
001 0005392
005 20240306141526.2
020 |a 80-247-0385-8 
041 0 |a cze 
044 |a CZ 
245 1 0 |a Marketingový výzkum  |b jak poznávat své zákazníky  |c Miroslav Foret, Jana Stávková 
264 1 |a Praha  |b Grada Publishing  |c 2003 
300 |a 159 s. 
490 1 |a Manažer 
830 0 |a Manažer 
610 2 0 |a marketing 
610 2 0 |a výskum 
610 2 0 |a zákazníci 
610 2 0 |a dáta 
610 2 0 |a spracovanie dát 
610 2 0 |a metódy výskumu 
610 2 0 |a trh 
610 2 0 |a komunikácia marketingová 
100 1 |a Foret, Miroslav 
700 1 |a Stávková, Jana